Counseling research (Record no. 190876)

MARC details
000 -LEADER
fixed length control field 00328nam a22001457a 4500
003 - CONTROL NUMBER IDENTIFIER
control field OSt
020 ## - INTERNATIONAL STANDARD BOOK NUMBER
International Standard Book Number 9788131507667
082 ## - DEWEY DECIMAL CLASSIFICATION NUMBER
Classification number 361.06
Item number HEP/CO
100 ## - MAIN ENTRY--PERSONAL NAME
Personal name Heppner, Paul P
245 ## - TITLE STATEMENT
Title Counseling research
250 ## - EDITION STATEMENT
Edition statement 1,
260 ## - PUBLICATION, DISTRIBUTION, ETC. (IMPRINT)
Place of publication, distribution, etc. Australia
Name of publisher, distributor, etc. Books/cole cengage learning
Date of publication, distribution, etc. 2007
300 ## - PHYSICAL DESCRIPTION
Extent 475p.
942 ## - ADDED ENTRY ELEMENTS (KOHA)
Source of classification or shelving scheme Dewey Decimal Classification
Koha item type Books (General)
Holdings
Withdrawn status Lost status Source of classification or shelving scheme Damaged status Not for loan Collection code Home library Current library Shelving location Date acquired Cost, normal purchase price Total Checkouts Full call number Date last seen Price effective from Koha item type
    Dewey Decimal Classification     Malayalam College of Co-operation, Banking & Management Library, Vellanikkara College of Co-operation, Banking & Management Library, Vellanikkara   20/12/2017 395.00   361.06 HEP/CO 20/12/2017 20/12/2017 Books (General)
Kerala Agricultural University Central Library
Thrissur-(Dt.), Kerala Pin:- 680656, India
Ph : (+91)(487) 2372219
E-mail: librarian@kau.in
Website: http://library.kau.in/